Un Pabellón para infancia en la Casa Provincial de Maternidad /
Descripción Física:
Il·lustracions
Colección:
San Jorge,
; núm. 12 (octubre 1953), pàg 76-78
Materias:
Casa de Maternitat i Expòsits de Barcelona
; Casa de Maternitat i Expòsits de Barcelona -- Història
; Centres d'acolliment d'infants i adolescents -- Barcelona (Catalunya) -- Disseny i construcció
Idioma:
Español
MARC
| LEADER | 00000naa a2200000 a 4500 | ||
|---|---|---|---|
| 003 | Arxiu | ||
| 005 | 20260324181044.0 | ||
| 008 | 160829s1953 spcaex s spa c | ||
| 040 | |a agdb | ||
| 100 | 1 | |a Baldrich i Tibau, Manuel, |d 1911-1966 |9 21224 | |
| 245 | 1 | 3 | |a Un Pabellón para infancia en la Casa Provincial de Maternidad / |c por Manuel Baldrich, arquitecto provincial |
| 300 | |b Il·lustracions | ||
| 490 | |a San Jorge, |v núm. 12 (octubre 1953), pàg 76-78 | ||
| 590 | |a Conté cinc plànols del nou pavelló | ||
| 610 | 2 | 0 | |a Casa de Maternitat i Expòsits de Barcelona |9 52670 |
| 610 | 1 | 0 | |a Casa de Maternitat i Expòsits de Barcelona |9 17620 |x Història |
| 650 | 0 | |a Centres d'acolliment d'infants i adolescents |9 54824 |z Barcelona (Catalunya) |x Disseny i construcció | |
| 773 | |g Núm. 12 (octubre 1953), pàg 76-78 |t San Jorge. | ||
| 901 | |a Arxiu | ||
| 942 | |n 1 |2 udc |c ART | ||
| 952 | |0 0 |1 0 |4 0 |6 REV508 |7 1 |9 64477 |a Arxiu |b Arxiu |d 2022-11-30 |o Rev-508 |r 2022-11-30 00:00:00 |w 2022-11-30 |y ARXIU |z També disponible a Rev-522 | ||
| 999 | |c 50070 |d 50070 | ||